000 00475nam a2200181Ia 4500
005 20250508152946.0
008 008 250505s9999 xx 000 0 eng d
037 _aTextual
040 _aFEDL
_beng
_cFEDL
041 _aeng
_2eng
084 _aB, MIR
_qFEDL
100 _aBehari Bankey
_9762838
245 0 _aBhakta Mira
260 _aBombay, India
_bBharatiya Vidya Bhavan
_c1961
300 _ax,190p.
942 _cTEXL
_hB, MIR
999 _c1339832
_d1339832